Men in the Life of Marilyn Monroe Quiz Stats

 Plays Quiz Updated Feb 26, 2020

Support Sporcle.
Go Orange.
Score 0/25 Timer 08:00
0 Plays Today
Column Men % Correct
Frank Sinatra
88.7%
John F. Kennedy
83.9%
Hugh Hefner
83.4%
Dean Martin
78.7%
Ronald Reagan
78.4%
Sammy Davis Jr.
76.1%
Joe DiMaggio
75.7%
Marlon Brando
75.1%
Jerry Lewis
73%
Groucho Marx
71.3%
Humphrey Bogart
69.6%
Tony Curtis
61.5%
Jack Lemmon
61.1%
Column Men % Correct
Mickey Rooney
56.3%
Arthur Miller
50.2%
Rock Hudson
48.6%
Clark Gable
43.8%
Cary Grant
42.8%
Jack Benny
40.9%
Robert Mitchum
39.5%
Peter Lawford
26.6%
Richard Widmark
21.1%
Laurence Olivier
18.9%
Yves Montand
11.2%
James Dougherty
7.3%

From the Vault

Last 3 Letter Pairs: NHL Teams

by timschurz

Sports 90s
Seems like a missed opportunity that neither of the teams ending in '-cks' are called the Pucks.
Remove Ads.
Support Sporcle.
Get the best of Sporcle when you Go Orange. This ad-free experience offers more features, more stats, and more fun while also helping to support Sporcle. Thank you for becoming a member.

Show Comments

Extras

Top Quizzes Today


Score Distribution

Your Account Isn't Verified!

In order to create a playlist on Sporcle, you need to verify the email address you used during registration. Go to your Sporcle Settings to finish the process.

Report this User

Report this user for behavior that violates our Community Guidelines.

Details: